[Event "Grand Prix FFE Nancy 2012"]
[Site "Nancy"]
[Date "2012.04.28"]
[Round "1.3"]
[White "Chazot, Jean-Marc"]
[Black "Vachier-Lagrave, Maxime"]
[Result "0-1"]
[WhiteElo "1720"]
[BlackElo "2840"]
[PlyCount "43"]
[EventDate "2012.04.28"]
[EventType "rapid"]
[EventRounds "9"]
[EventCountry "FRA"]

1. d4 Nf6 2. c4 g6 3. Nc3 d5 4. g3 Bg7 5. Bg2 dxc4 6. Nf3 O-O 7. e3 c5 8. O-O
Nc6 9. b3 cxd4 10. exd4 cxb3 11. axb3 Bg4 12. d5 Nxd5 13. Qc2 Nxc3 14. Bb2 Nb4
15. Qd2 Qxd2 16. Nxd2 Ne2+ 17. Kh1 Bxb2 18. Rab1 Nd3 19. h3 Bd7 20. Nc4 Bd4 21.
Rb2 Nxb2 22. Ra1 0-1

[Event "Grand Prix FFE Nancy 2012"]
[Site "Nancy"]
[Date "2012.04.28"]
[Round "1.2"]
[White "Istratescu, Andrei"]
[Black "De Vreese, Claire-Domitille"]
[Result "1-0"]
[WhiteElo "2820"]
[BlackElo "1710"]
[PlyCount "48"]
[EventDate "2012.04.28"]
[EventType "rapid"]
[EventRounds "9"]
[EventCountry "FRA"]

1. e4 c6 2. d4 d5 3. e5 c5 4. dxc5 Nc6 5. Bb5 e6 6. Be3 Bd7 7. Bxc6 Bxc6 8. Nf3
Qc7 9. c3 Ne7 10. a4 Nf5 11. Bd4 Be7 12. b4 Nxd4 13. cxd4 O-O 14. O-O a6 15.
Nc3 Rfc8 16. Qd3 Qd7 17. b5 axb5 18. axb5 b6 19. bxc6 Qxc6 20. Rxa8 Rxa8 21.
cxb6 Qxb6 22. Rb1 Qc6 23. Ne2 Ra3 24. Rb8+ Bd8 1-0

[Event "Grand Prix FFE Nancy 2012"]
[Site "Nancy"]
[Date "2012.04.28"]
[Round "2.1"]
[White "Vachier-Lagrave, Maxime"]
[Black "Budisin, Stanislav"]
[Result "1-0"]
[WhiteElo "2840"]
[BlackElo "2090"]
[PlyCount "49"]
[EventDate "2012.04.28"]
[EventType "rapid"]
[EventRounds "9"]
[EventCountry "FRA"]

1. e4 c5 2. Nf3 e6 3. g3 a6 4. Bg2 Qc7 5. O-O Nc6 6. c3 Nf6 7. Re1 c4 8. b3 b5
9. bxc4 bxc4 10. Qa4 Na5 11. d4 cxd3 12. Bf4 Qc5 13. Ne5 Qb5 14. Qxb5 axb5 15.
Nd2 Ba6 16. Nxd3 Rc8 17. Nb3 Rxc3 18. Nxa5 Rxd3 19. a4 Bb4 20. Reb1 Bxa5 21.
axb5 Bxb5 22. Rxa5 Bc6 23. Bf1 Rd4 24. Be5 Rxe4 25. Bd6 1-0

[Event "Grand Prix FFE Nancy 2012"]
[Site "Nancy"]
[Date "2012.04.28"]
[Round "2.2"]
[White "Kolodziejczyk, Stephane"]
[Black "Istratescu, Andrei"]
[Result "0-1"]
[WhiteElo "2090"]
[BlackElo "2820"]
[PlyCount "72"]
[EventDate "2012.04.28"]
[EventType "rapid"]
[EventRounds "9"]
[EventCountry "FRA"]

1. e4 g6 2. d4 Bg7 3. Nf3 c6 4. Nc3 d6 5. Be3 Qb6 6. Na4 Qa5+ 7. c3 b5 8. Ng5
h6 9. Nf3 Qxa4 10. b3 Qa5 11. Qd2 Nf6 12. Bd3 g5 13. O-O Ng4 14. e5 dxe5 15.
Nxe5 Nxe5 16. dxe5 Be6 17. f4 gxf4 18. Bxf4 Nd7 19. Be4 Qb6+ 20. Qd4 Rc8 21.
Rac1 Bxe5 22. Bxe5 Nxe5 23. Kh1 Qxd4 24. cxd4 Ng4 25. Bxc6+ Bd7 26. d5 Ne5 27.
Rc5 Nxc6 28. Rfc1 Rg8 29. dxc6 Be6 30. Rxb5 Rg5 31. a4 Rxb5 32. axb5 Bxb3 33.
Ra1 Bc4 34. Rb1 Rb8 35. h3 Rxb5 36. Ra1 Rc5 0-1

[Event "Grand Prix FFE Nancy 2012"]
[Site "Nancy"]
[Date "2012.04.28"]
[Round "2.3"]
[White "Fressinet, Laurent"]
[Black "Steininger, Denis"]
[Result "1-0"]
[WhiteElo "2750"]
[BlackElo "2070"]
[PlyCount "71"]
[EventDate "2012.04.28"]
[EventType "rapid"]
[EventRounds "9"]
[EventCountry "FRA"]

1. d4 d6 2. Nf3 Bg4 3. e4 Nf6 4. Nc3 c6 5. h3 Bh5 6. g4 Bg6 7. Qe2 e6 8. Bg2
Nbd7 9. h4 h5 10. g5 Nh7 11. Be3 b5 12. Nd2 b4 13. Nd1 d5 14. f4 f5 15. exd5
exd5 16. Bf3 Qe7 17. Bxh5 Bxh5 18. Qxh5+ Kd8 19. Nf3 Kc7 20. Ne5 Nxe5 21. fxe5
Qe6 22. g6 Nf6 23. Qxh8 b3 24. c3 Ng4 25. Bf4 Qxg6 26. h5 Qe6 27. Qh7 c5 28.
Qg6 Kd7 29. axb3 cxd4 30. Qxe6+ Kxe6 31. Ra6+ Kd7 32. cxd4 Bb4+ 33. Nc3 Kc7 34.
Ke2 Bxc3 35. bxc3 Kb7 36. Rha1 1-0

[Event "Grand Prix FFE Nancy 2012"]
[Site "Nancy"]
[Date "2012.04.28"]
[Round "3.1"]
[White "Skripchenko, Almira"]
[Black "Vachier-Lagrave, Maxime"]
[Result "0-1"]
[WhiteElo "2450"]
[BlackElo "2840"]
[PlyCount "86"]
[EventDate "2012.04.28"]
[EventType "rapid"]
[EventRounds "9"]
[EventCountry "FRA"]

1. e4 c5 2. Nf3 e6 3. d3 b6 4. g3 Bb7 5. Bg2 Be7 6. O-O d6 7. Nc3 Nd7 8. Ne1
Qc7 9. f4 Ngf6 10. a4 a6 11. g4 h6 12. h3 O-O-O 13. Rb1 Nb8 14. Ne2 Nc6 15. c3
Kb8 16. b4 c4 17. d4 d5 18. e5 Ne4 19. f5 Ka7 20. Nf3 h5 21. fxe6 hxg4 22. hxg4
Bc8 23. b5 Na5 24. Nd2 Nxd2 25. Bxd2 Bxe6 26. Nf4 Nb3 27. Be3 Bg5 28. Qf3 Bxf4
29. Bxf4 Qd7 30. Bg5 Rc8 31. Rf2 Rcf8 32. Ra2 f6 33. exf6 gxf6 34. Bf4 Rh4 35.
a5 bxa5 36. bxa6 Rxg4 37. Bh2 Bf5 38. Re1 Be4 39. Rxe4 Rxe4 40. Bf4 Rg8 41. Kh2
Nc1 42. Bh3 Qe7 43. Bxc1 Qc7+ 0-1

[Event "Grand Prix FFE Nancy 2012"]
[Site "Nancy"]
[Date "2012.04.28"]
[Round "3.2"]
[White "Istratescu, Andrei"]
[Black "Cekro, Ekrem"]
[Result "1-0"]
[WhiteElo "2820"]
[BlackElo "2450"]
[PlyCount "123"]
[EventDate "2012.04.28"]
[EventType "rapid"]
[EventRounds "9"]
[EventCountry "FRA"]

1. e4 g6 2. d4 c6 3. c4 Bg7 4. Nc3 d6 5. Be3 Nf6 6. f3 O-O 7. Qd2 e5 8. Nge2
Qe7 9. d5 c5 10. g4 Re8 11. Ng3 a6 12. a4 Nbd7 13. h4 Nf8 14. h5 Rb8 15. Bd3
Bd7 16. b3 Rec8 17. Ra2 Ne8 18. Qc1 b5 19. Rg2 bxa4 20. bxa4 Rb3 21. Nf5 Bxf5
22. gxf5 Qb7 23. O-O Rb8 24. Bd2 Nf6 25. h6 Bh8 26. Rg5 Rb2 27. a5 Qb3 28. Qe1
Ne8 29. Bc1 Bf6 30. Rg4 Bd8 31. Bxb2 Qxb2 32. Rg2 Qb7 33. Qa1 Nf6 34. Rb1 Qc8
35. Rxb8 Qxb8 36. Rb2 Qc7 37. Kf1 Nh5 38. Ne2 Qe7 39. Ke1 Qh4+ 40. Kd2 Bg5+ 41.
Kc2 Qh3 42. Qg1 Bxh6 43. Qg4 Qh2 44. fxg6 hxg6 45. Rb6 Nf4 46. Qg1 Qh4 47. Nxf4
Qxf4 48. Qd1 Qh2+ 49. Be2 Be3 50. Rxa6 Bd4 51. Rxd6 Qf2 52. Rb6 Qh4 53. a6 Qd8
54. Qb1 Nd7 55. Rb7 Qa5 56. Qb3 Qxa6 57. Rxd7 Qa1 58. Bd1 Be3 59. Rd8+ Kg7 60.
Qxe3 Qa2+ 61. Kd3 Qa3+ 62. Ke2 1-0

[Event "Grand Prix FFE Nancy 2012"]
[Site "Nancy"]
[Date "2012.04.28"]
[Round "3.3"]
[White "Gamboa, Nelson"]
[Black "Fressinet, Laurent"]
[Result "0-1"]
[WhiteElo "2380"]
[BlackElo "2750"]
[PlyCount "84"]
[EventDate "2012.04.28"]
[EventType "rapid"]
[EventRounds "9"]
[EventCountry "FRA"]

1. d4 d5 2. c4 c6 3. cxd5 cxd5 4. Nc3 Nc6 5. Nf3 Nf6 6. Bf4 a6 7. e3 Bg4 8. Be2
e6 9. O-O Be7 10. Ne5 Bxe2 11. Qxe2 Rc8 12. Rac1 O-O 13. Nxc6 Rxc6 14. Na4 Qd7
15. Nc5 Bxc5 16. dxc5 Rfc8 17. b4 a5 18. bxa5 Ne4 19. Qb2 Nxc5 20. Rb1 f6 21.
Rfd1 Qd8 22. Qa3 Ra6 23. Rb5 Ne4 24. Rxb7 Rxa5 25. Qb3 Nc5 26. Qb6 Nxb7 27.
Qxb7 e5 28. Bg3 Qc7 29. Qb4 Rxa2 30. h4 Qf7 31. Qg4 Rac2 32. Kh2 h5 33. Qf3
R2c5 34. Qe2 Qg6 35. Qf3 Qg4 36. Qxg4 hxg4 37. Rd2 Kf7 38. Kg1 Ke6 39. Kh2 Rc1
40. Ra2 Rd1 41. h5 Rh8 42. Ra6+ Kf5 0-1

[Event "Grand Prix FFE Nancy 2012"]
[Site "Nancy"]
[Date "2012.04.28"]
[Round "4.1"]
[White "Vachier-Lagrave, Maxime"]
[Black "Feller, Sebastien"]
[Result "1/2-1/2"]
[WhiteElo "2840"]
[BlackElo "2590"]
[PlyCount "98"]
[EventDate "2012.04.28"]
[EventType "rapid"]
[EventRounds "9"]
[EventCountry "FRA"]

1. c4 c5 2. g3 Nc6 3. Bg2 g6 4. e3 Bg7 5. Ne2 e6 6. d4 cxd4 7. exd4 d5 8. cxd5
exd5 9. Nbc3 Nge7 10. O-O O-O 11. Be3 Be6 12. Nf4 Nf5 13. Ncxd5 Ncxd4 14. Nxe6
fxe6 15. Bxd4 Nxd4 16. Nc3 Qb6 17. Rb1 Rad8 18. Qg4 Nf5 19. Qe2 Rd7 20. Kh1
Rfd8 21. Ne4 Nd4 22. Qg4 Qb5 23. b3 b6 24. Rbc1 Qf5 25. h3 h5 26. Qd1 Nb5 27.
Qe2 Nd6 28. Nd2 Nf7 29. Ne4 Nd6 30. h4 Nxe4 31. Bxe4 Qf6 32. Rc2 Bf8 33. Kg2
Bc5 34. Bc6 Rd6 35. Bb5 a5 36. Re1 Bb4 37. Rf1 Bc5 38. Bc4 Kg7 39. Qe4 Rd2 40.
Rxd2 Rxd2 41. Qxe6 Rxf2+ 42. Rxf2 Qxf2+ 43. Kh3 Qf8 44. Bd3 Qf7 45. Qxf7+ Kxf7
46. g4 hxg4+ 47. Kxg4 Kf6 48. a4 Bd4 49. Bc4 Bc5 1/2-1/2

[Event "Grand Prix FFE Nancy 2012"]
[Site "Nancy"]
[Date "2012.04.28"]
[Round "4.2"]
[White "Tkachiev, Vladislav"]
[Black "Istratescu, Andrei"]
[Result "1-0"]
[WhiteElo "2570"]
[BlackElo "2820"]
[PlyCount "65"]
[EventDate "2012.04.28"]
[EventType "rapid"]
[EventRounds "9"]
[EventCountry "FRA"]

1. d4 g6 2. e4 Bg7 3. Nc3 c6 4. Nf3 d6 5. Be3 Qb6 6. Rb1 Qc7 7. Qd2 b5 8. Bd3
Nd7 9. O-O Ngf6 10. h3 O-O 11. Ne2 c5 12. c3 c4 13. Bc2 Nb6 14. Bh6 e5 15. Ng3
Re8 16. Bxg7 Kxg7 17. Rbd1 h6 18. Nh4 Qe7 19. f4 Nh7 20. Nf3 exf4 21. Qxf4 Ng5
22. Kh1 Bd7 23. Rde1 Nxf3 24. Rxf3 Rh8 25. Ref1 Be8 26. e5 dxe5 27. dxe5 Rd8
28. Ne4 Nd5 29. Qg3 Rf8 30. Nd6 Qg5 31. Qf2 f5 32. Rg3 Qh5 33. Bd1 1-0

[Event "Grand Prix FFE Nancy 2012"]
[Site "Nancy"]
[Date "2012.04.28"]
[Round "4.3"]
[White "Fressinet, Laurent"]
[Black "Fargere, Francois"]
[Result "1-0"]
[WhiteElo "2750"]
[BlackElo "2580"]
[PlyCount "29"]
[EventDate "2012.04.28"]
[EventType "rapid"]
[EventRounds "9"]
[EventCountry "FRA"]

1. d4 d5 2. c4 c6 3. Nc3 dxc4 4. Nf3 b5 5. g3 e6 6. Bg2 Bb7 7. Ne5 Qc8 8. O-O
Nf6 9. b3 cxb3 10. Qxb3 Nbd7 11. Bg5 b4 12. Bxf6 gxf6 13. Nxd7 Qxd7 14. Ne4 f5
15. Nf6+ 1-0

[Event "Grand Prix FFE Nancy 2012"]
[Site "Nancy"]
[Date "2012.04.28"]
[Round "5.1"]
[White "Shchekachev, Andrei"]
[Black "Fressinet, Laurent"]
[Result "0-1"]
[WhiteElo "2620"]
[BlackElo "2750"]
[PlyCount "117"]
[EventDate "2012.04.28"]
[EventType "rapid"]
[EventRounds "9"]
[EventCountry "FRA"]

1. Nf3 d5 2. d4 Nf6 3. c4 e6 4. Nc3 Bb4 5. Bg5 Nbd7 6. cxd5 exd5 7. Qc2 c5 8.
dxc5 h6 9. Bd2 Bxc5 10. e3 O-O 11. Be2 a6 12. a4 b6 13. O-O Bb7 14. Rfd1 Qe7
15. Be1 Rac8 16. Qb3 Rfd8 17. Bf1 Ne5 18. Nd4 Nc4 19. Nce2 Ng4 20. h3 Nge5 21.
Bc3 Nd6 22. Ng3 g6 23. Be2 Nec4 24. Nc2 h5 25. Bf3 h4 26. Nf1 Ne4 27. Bxe4 Qxe4
28. Bd4 Bd6 29. Ne1 Qe6 30. Nf3 Be7 31. Rac1 Rc6 32. Qa2 Rdc8 33. b3 Ne5 34.
Rxc6 Nxf3+ 35. gxf3 Rxc6 36. Qd2 Qxh3 37. Nh2 Bd6 38. f4 Qf5 39. Bb2 Be7 40.
Rc1 Rxc1+ 41. Qxc1 d4 42. Bxd4 h3 43. f3 Qd3 44. Qf1 Qxf1+ 45. Kxf1 b5 46. axb5
axb5 47. Kg1 Bd5 48. e4 Bxb3 49. Ng4 Bd1 50. Nf6+ Kf8 51. Kh2 b4 52. Kxh3 b3
53. Nd7+ Ke8 54. Ne5 Be2 55. Kg3 Ba3 56. Kf2 Bb5 57. f5 gxf5 58. exf5 Bc5 59.
Ke1 0-1

[Event "Grand Prix FFE Nancy 2012"]
[Site "Nancy"]
[Date "2012.04.28"]
[Round "5.3"]
[White "Fedorchuk, Sergey A"]
[Black "Gharamian, Tigran"]
[Result "0-1"]
[WhiteElo "2590"]
[BlackElo "2740"]
[PlyCount "73"]
[EventDate "2012.04.28"]
[EventType "rapid"]
[EventRounds "9"]
[EventCountry "FRA"]

1. e4 c5 2. Nf3 d6 3. d4 cxd4 4. Nxd4 Nf6 5. Nc3 a6 6. Bg5 e6 7. f4 Qc7 8. Bxf6
gxf6 9. Qe2 Nc6 10. O-O-O Bd7 11. g3 h5 12. Kb1 h4 13. Bh3 O-O-O 14. Nb3 Kb8
15. a3 Na5 16. Nxa5 Qxa5 17. Rd3 hxg3 18. hxg3 Qc5 19. Qd1 Be7 20. Bg4 Bc6 21.
Rh5 f5 22. exf5 Rxh5 23. Bxh5 Qxf5 24. Bf3 d5 25. Ne2 Bf6 26. Nd4 Rc8 27. g4
Qh7 28. b3 Qh2 29. Qd2 Qxd2 30. Rxd2 Rh8 31. f5 Kc7 32. fxe6 fxe6 33. Kb2 Kd6
34. c4 Rh3 35. cxd5 exd5 36. Rf2 Ke5 37. Bd1 0-1

[Event "Grand Prix FFE Nancy 2012"]
[Site "Nancy"]
[Date "2012.04.28"]
[Round "6.1"]
[White "Fressinet, Laurent"]
[Black "Gharamian, Tigran"]
[Result "1/2-1/2"]
[WhiteElo "2750"]
[BlackElo "2740"]
[PlyCount "84"]
[EventDate "2012.04.28"]
[EventType "rapid"]
[EventRounds "9"]
[EventCountry "FRA"]

1. d4 Nf6 2. Nf3 e6 3. c4 c5 4. e3 d5 5. cxd5 Nxd5 6. Nc3 Nc6 7. Bd3 cxd4 8.
exd4 Be7 9. O-O O-O 10. Re1 Bf6 11. a3 Nce7 12. Bg5 Bd7 13. Ne4 Bxg5 14. Nexg5
h6 15. Ne4 Bc6 16. Ne5 Nf4 17. Bf1 Rc8 18. g3 Nfg6 19. Bg2 Bd5 20. Qd3 Nxe5 21.
dxe5 Qb6 22. Nd6 Rc6 23. b4 Bxg2 24. Kxg2 Ng6 25. f4 Ne7 26. Rac1 Rd8 27. Qf3
Nf5 28. Rxc6 bxc6 29. Nxf5 exf5 30. e6 fxe6 31. Rxe6 Rd2+ 32. Kh3 Qg1 33. Re2
Rxe2 34. Qxe2 Qb1 35. Qe8+ Kh7 36. Qxc6 Qf1+ 37. Qg2 Qd3 38. Qf2 Qxa3 39. Qc5
Qd3 40. Kg2 Qe2+ 41. Kg1 Qe1+ 42. Kg2 Qe2+ 1/2-1/2

[Event "Grand Prix FFE Nancy 2012"]
[Site "Nancy"]
[Date "2012.04.28"]
[Round "6.2"]
[White "Vachier-Lagrave, Maxime"]
[Black "Jankovic, Alojzije"]
[Result "1-0"]
[WhiteElo "2840"]
[BlackElo "2540"]
[PlyCount "119"]
[EventDate "2012.04.28"]
[EventType "rapid"]
[EventRounds "9"]
[EventCountry "FRA"]

1. e4 c5 2. Nf3 d6 3. d4 cxd4 4. Nxd4 Nf6 5. Nc3 Nc6 6. Bc4 Qb6 7. Nxc6 bxc6 8.
O-O g6 9. Qe2 Ng4 10. Na4 Qc7 11. f4 Bg7 12. h3 Nf6 13. Bd3 O-O 14. Bd2 e5 15.
fxe5 dxe5 16. Rf3 Nh5 17. Raf1 Nf4 18. Bxf4 exf4 19. Rxf4 Be6 20. Kh1 Qe5 21.
Bc4 Rae8 22. b3 Bh6 23. R4f3 Bxc4 24. Qxc4 Qxe4 25. Qxe4 Rxe4 26. Rf6 Re2 27.
R6f2 Rxf2 28. Rxf2 Re8 29. g4 Kg7 30. Kg2 Re1 31. Nc3 Rc1 32. Ne4 Be3 33. Re2
Bd4 34. Nd6 Rg1+ 35. Kf3 Rf1+ 36. Ke4 Bb6 37. Nc4 f5+ 38. gxf5 gxf5+ 39. Ke5
Bc7+ 40. Ke6 f4 41. Kf5 Kf7 42. Nd2 Rd1 43. c4 h6 44. h4 Rh1 45. Re6 Rxh4 46.
Rxc6 Rh5+ 47. Ke4 Re5+ 48. Kd4 Re7 49. Nf3 Rd7+ 50. Ke4 Kg7 51. Nd4 Re7+ 52.
Re6 Kf7 53. Rxe7+ Kxe7 54. Nf5+ Kf6 55. Nxh6 Kg5 56. Nf5 Kg4 57. Nd4 Bb6 58.
Nf3 Bc5 59. Ne5+ Kg3 60. Kd5 1-0

[Event "Grand Prix FFE Nancy 2012"]
[Site "Nancy"]
[Date "2012.04.28"]
[Round "7.1"]
[White "Sanikidze, Tornike"]
[Black "Vachier-Lagrave, Maxime"]
[Result "1/2-1/2"]
[WhiteElo "2490"]
[BlackElo "2840"]
[PlyCount "85"]
[EventDate "2012.04.28"]
[EventType "rapid"]
[EventRounds "9"]
[EventCountry "FRA"]

1. d4 Nf6 2. c4 g6 3. Nc3 d5 4. Bf4 Bg7 5. e3 O-O 6. Nf3 Be6 7. Ng5 Bf5 8. Qb3
c5 9. Qxb7 Nbd7 10. Be2 cxd4 11. exd4 dxc4 12. O-O Qb6 13. Qxb6 Nxb6 14. Be5
Rac8 15. Nb5 Bd7 16. a4 a6 17. Nc3 Bh6 18. Bxf6 exf6 19. Nge4 f5 20. Nc5 Bc6
21. a5 Nd7 22. Bxc4 Nxc5 23. dxc5 Rb8 24. b3 Rfe8 25. Nd5 Bxd5 26. Bxd5 Re5 27.
Rfd1 Rb5 28. Bc4 Rbxc5 29. Rd7 Bf8 30. g3 Rxa5 31. Rxa5 Rxa5 32. Rxf7 Ra1+ 33.
Kg2 a5 34. Rxf5+ Kg7 35. Rf7+ Kg8 36. h4 Bb4 37. g4 Rc1 38. Rd7+ Kh8 39. g5 h6
40. Rd8+ Kg7 41. Rd7+ Kh8 42. Rd8+ Kg7 43. Rd7+ 1/2-1/2

[Event "Grand Prix FFE Nancy 2012"]
[Site "Nancy"]
[Date "2012.04.28"]
[Round "7.2"]
[White "Gharamian, Tigran"]
[Black "Tkachiev, Vladislav"]
[Result "1/2-1/2"]
[WhiteElo "2740"]
[BlackElo "2570"]
[PlyCount "28"]
[EventDate "2012.04.28"]
[EventType "rapid"]
[EventRounds "9"]
[EventCountry "FRA"]

1. e4 e5 2. Nf3 Nc6 3. Bb5 a6 4. Ba4 d6 5. O-O Bd7 6. c4 Nf6 7. Re1 Be7 8. d4
Nxd4 9. Nxd4 exd4 10. Bxd7+ Nxd7 11. Qxd4 Bf6 12. Qd2 O-O 13. Nc3 c6 14. b3 b5
1/2-1/2

[Event "Grand Prix FFE Nancy 2012"]
[Site "Nancy"]
[Date "2012.04.28"]
[Round "8.1"]
[White "Vachier-Lagrave, Maxime"]
[Black "Fedorchuk, Sergey A"]
[Result "1-0"]
[WhiteElo "2840"]
[BlackElo "2590"]
[PlyCount "87"]
[EventDate "2012.04.28"]
[EventType "rapid"]
[EventRounds "9"]
[EventCountry "FRA"]

1. e4 c5 2. Nf3 e6 3. g3 Nf6 4. Qe2 d6 5. Bg2 Be7 6. O-O O-O 7. d4 cxd4 8. Nxd4
Nc6 9. Rd1 Qc7 10. Nb5 Qb8 11. c4 a6 12. N5c3 Bd7 13. Be3 Qc7 14. Nd2 Ne5 15.
Rac1 Rfc8 16. b3 b5 17. cxb5 axb5 18. Nd5 Qd8 19. Rxc8 Bxc8 20. Nxf6+ gxf6 21.
Nf3 Nxf3+ 22. Bxf3 e5 23. Bg4 b4 24. Rd2 Bd7 25. Kg2 Qc8 26. Rc2 Qb7 27. Bxd7
Qxd7 28. Qf3 Rc8 29. Rxc8+ Qxc8 30. Bd2 d5 31. exd5 f5 32. Qd3 f6 33. Qc4 Qc5
34. Be3 Qd6 35. Qc6 Kf7 36. Qxd6 Bxd6 37. Kf3 Kg6 38. Ke2 f4 39. gxf4 exf4 40.
Bd4 Kf5 41. f3 Kg5 42. Bf2 Kf5 43. Kd3 h5 44. Kc4 1-0

[Event "Grand Prix FFE Nancy 2012"]
[Site "Nancy"]
[Date "2012.04.28"]
[Round "9.2"]
[White "Jankovic, Alojzije"]
[Black "Fressinet, Laurent"]
[Result "1/2-1/2"]
[WhiteElo "2540"]
[BlackElo "2750"]
[PlyCount "27"]
[EventDate "2012.04.28"]
[EventType "rapid"]
[EventRounds "9"]
[EventCountry "FRA"]

1. d4 d5 2. c4 c6 3. Nc3 Nf6 4. Nf3 dxc4 5. a4 Bf5 6. Nh4 Bg6 7. Nxg6 hxg6 8.
e3 e6 9. Bxc4 Bb4 10. O-O Nbd7 11. h3 a5 12. Qb3 Qc7 13. Bd2 g5 14. e4 1/2-1/2

[Event "Grand Prix FFE Nancy 2012"]
[Site "Nancy"]
[Date "2012.04.29"]
[Round "10.2"]
[White "Gharamian, Tigran"]
[Black "Istratescu, Andrei"]
[Result "0-1"]
[WhiteElo "2740"]
[BlackElo "2820"]
[PlyCount "88"]
[EventDate "2012.04.28"]
[EventType "rapid"]
[EventRounds "9"]
[EventCountry "FRA"]

1. e4 e6 2. d4 d5 3. Nc3 Bb4 4. e5 c5 5. a3 Bxc3+ 6. bxc3 Qa5 7. Bd2 Qa4 8. Qg4
g6 9. Nf3 Nc6 10. Be2 Nge7 11. Qf4 Qxc2 12. dxc5 Qf5 13. Qe3 Qe4 14. Qxe4 dxe4
15. Ng5 Nxe5 16. Nxe4 h6 17. c4 N5c6 18. f4 O-O 19. Nf6+ Kg7 20. Bc3 Rd8 21.
Kf2 Nd4 22. Rhd1 Nec6 23. Bf3 Kxf6 24. Bxc6 bxc6 25. Bxd4+ Kf5 26. Kf3 g5 27.
g4+ Kg6 28. h4 gxh4 29. Bf2 Ba6 30. Bxh4 Rxd1 31. Rxd1 Bxc4 32. Ke4 f5+ 33.
gxf5+ exf5+ 34. Ke5 Re8+ 35. Kd6 Bd5 36. Rg1+ Kh5 37. Be7 a5 38. Kd7 Rb8 39.
Rd1 Kg4 40. Bd8 a4 41. Rd4 h5 42. Rxa4 h4 43. Rd4 h3 44. Rd2 Bg2 0-1

[Event "Grand Prix FFE Nancy 2012"]
[Site "Nancy"]
[Date "2012.04.29"]
[Round "10.3"]
[White "Vachier-Lagrave, Maxime"]
[Black "Tkachiev, Vladislav"]
[Result "1-0"]
[WhiteElo "2840"]
[BlackElo "2570"]
[PlyCount "53"]
[EventDate "2012.04.28"]
[EventType "rapid"]
[EventRounds "9"]
[EventCountry "FRA"]

1. c4 g6 2. g3 Bg7 3. Bg2 d6 4. Nc3 Nf6 5. d4 O-O 6. Nf3 c5 7. O-O Nc6 8. dxc5
dxc5 9. Be3 Qa5 10. Qa4 Qxa4 11. Nxa4 b6 12. Rfd1 Bf5 13. Nc3 Rad8 14. Rxd8
Rxd8 15. Rd1 Rxd1+ 16. Nxd1 Bc2 17. Nc3 Ne4 18. Nb5 f5 19. b3 Bb1 20. Nd2 Bxa2
21. Nxe4 fxe4 22. Bxe4 Na5 23. Nxa7 Bxb3 24. Nc8 Bxc4 25. Nxb6 Bxe2 26. Bd5+
Kf8 27. Bd2 1-0

[Event "Grand Prix FFE Nancy 2012"]
[Site "Nancy"]
[Date "2012.04.29"]
[Round "10.5"]
[White "Fressinet, Laurent"]
[Black "Bauer, Christian"]
[Result "1-0"]
[WhiteElo "2750"]
[BlackElo "2650"]
[PlyCount "51"]
[EventDate "2012.04.28"]
[EventType "rapid"]
[EventRounds "9"]
[EventCountry "FRA"]

1. d4 Nf6 2. Nf3 d6 3. g3 Nbd7 4. Bg2 e5 5. c4 c6 6. O-O e4 7. Nh4 Nb6 8. Nc3
d5 9. c5 Nc4 10. b3 Na5 11. f3 exf3 12. Nxf3 Be7 13. Ne5 O-O 14. e4 Nxe4 15.
Nxe4 dxe4 16. Bxe4 f5 17. Bc2 Bf6 18. Bb2 b6 19. Qe2 Qe8 20. Rae1 bxc5 21. dxc5
Rb8 22. Bc3 Nb7 23. b4 g6 24. Bb3+ Be6 25. Qb2 Bxb3 26. Qxb3+ 1-0

[Event "Grand Prix FFE Nancy 2012"]
[Site "Nancy"]
[Date "2012.04.29"]
[Round "10.6"]
[White "Istratescu, Andrei"]
[Black "Gharamian, Tigran"]
[Result "1/2-1/2"]
[WhiteElo "2820"]
[BlackElo "2740"]
[PlyCount "127"]
[EventDate "2012.04.28"]
[EventType "rapid"]
[EventRounds "9"]
[EventCountry "FRA"]

1. e4 c5 2. Nf3 e6 3. d4 cxd4 4. Nxd4 a6 5. Bd3 Bc5 6. Nb3 Be7 7. Qg4 Bf6 8.
O-O Ne7 9. N1d2 Nbc6 10. f4 d6 11. Nf3 O-O 12. e5 dxe5 13. fxe5 Nxe5 14. Nxe5
Bxe5 15. Bxh7+ Kxh7 16. Qh5+ Kg8 17. Qxe5 f6 18. Qe2 e5 19. Qc4+ Qd5 20. Qxd5+
Nxd5 21. Bd2 Bg4 22. h3 Bh5 23. c4 Nc7 24. g4 Bf7 25. Rac1 b5 26. cxb5 Nxb5 27.
Be3 Nd6 28. Na5 Rfc8 29. b3 Be6 30. Nc6 Kh7 31. Na7 Rxc1 32. Rxc1 Ne4 33. Rc6
Bf7 34. Rc7 Be6 35. Rc6 Bf7 36. Rc7 Bd5 37. Nc6 Be6 38. Kf1 Bg8 39. Ne7 Be6 40.
Rc6 Bf7 41. Nf5 Bg6 42. Nd6 Rd8 43. Nxe4 Bxe4 44. Rc1 Rd7 45. Kf2 Kg6 46. h4
Bd5 47. Rd1 Kf7 48. b4 Ke6 49. a4 Rb7 50. Bc5 g6 51. Rg1 Rh7 52. Kg3 f5 53.
gxf5+ gxf5 54. Kh3 Rh6 55. b5 axb5 56. axb5 f4 57. b6 Kf5 58. Rg7 Rh8 59. b7
Rb8 60. h5 Rxb7 61. Rxb7 Bxb7 62. h6 Bc8 63. h7 Kg6+ 64. Kh2 1/2-1/2

[Event "Grand Prix FFE Nancy 2012"]
[Site "Nancy"]
[Date "2012.04.29"]
[Round "11.1"]
[White "Fressinet, Laurent"]
[Black "Istratescu, Andrei"]
[Result "1/2-1/2"]
[WhiteElo "2750"]
[BlackElo "2820"]
[PlyCount "52"]
[EventDate "2012.04.28"]
[EventType "rapid"]
[EventRounds "9"]
[EventCountry "FRA"]

1. d4 e6 2. c4 Nf6 3. Nf3 d5 4. Nc3 Nbd7 5. cxd5 exd5 6. Bf4 Bb4 7. Qb3 c5 8.
a3 Bxc3+ 9. bxc3 O-O 10. e3 Qa5 11. Nd2 Re8 12. Be2 b6 13. dxc5 bxc5 14. O-O
Ba6 15. Bxa6 Qxa6 16. a4 Qe6 17. c4 d4 18. exd4 cxd4 19. Nf3 Rac8 20. Nxd4 Qxc4
21. Qxc4 Rxc4 22. Rfd1 Nc5 23. Be3 Nd5 24. Nf5 Nxe3 25. Nxe3 Rxa4 26. Rac1 Ne6
1/2-1/2

[Event "Grand Prix FFE Nancy 2012"]
[Site "Nancy"]
[Date "2012.04.29"]
[Round "11.3"]
[White "Istratescu, Andrei"]
[Black "Fressinet, Laurent"]
[Result "1/2-1/2"]
[WhiteElo "2820"]
[BlackElo "2750"]
[PlyCount "46"]
[EventDate "2012.04.28"]
[EventType "rapid"]
[EventRounds "9"]
[EventCountry "FRA"]

1. e4 e5 2. Nf3 Nc6 3. Bb5 a6 4. Ba4 Nf6 5. O-O Be7 6. Re1 b5 7. Bb3 O-O 8. a3
Bb7 9. d3 d5 10. Nc3 dxe4 11. Nxe4 Nxe4 12. dxe4 Qxd1 13. Rxd1 Na5 14. Bd5 Bxd5
15. Rxd5 f6 16. a4 Nc4 17. b3 Nb6 18. Rd3 bxa4 19. bxa4 Rfd8 20. Kf1 Rab8 21.
Ke2 Nc4 22. Nd2 Na5 23. Rb1 Rxb1 1/2-1/2

[Event "Grand Prix FFE Nancy 2012"]
[Site "Nancy"]
[Date "2012.04.29"]
[Round "11.3"]
[White "Fressinet, Laurent"]
[Black "Istratescu, Andrei"]
[Result "1-0"]
[WhiteElo "2750"]
[BlackElo "2820"]
[PlyCount "43"]
[EventDate "2012.04.28"]
[EventType "rapid"]
[EventRounds "9"]
[EventCountry "FRA"]

1. Nf3 Nf6 2. c4 e6 3. g3 d5 4. Bg2 dxc4 5. Qa4+ Bd7 6. Qxc4 Bc6 7. O-O Nbd7 8.
Qc2 e5 9. Nc3 Bd6 10. d4 exd4 11. Nxd4 Bxg2 12. Kxg2 O-O 13. Rd1 Be5 14. e4 Re8
15. f3 Bxd4 16. Rxd4 h6 17. Bf4 c6 18. e5 Nh7 19. Rad1 Nhf8 20. Ne4 Qb6 21. Rd6
Rad8 22. Rxd7 1-0

[Event "Grand Prix FFE Nancy 2012"]
[Site "Nancy"]
[Date "2012.04.29"]
[Round "11.4"]
[White "Istratescu, Andrei"]
[Black "Fressinet, Laurent"]
[Result "1/2-1/2"]
[WhiteElo "2820"]
[BlackElo "2750"]
[PlyCount "41"]
[EventDate "2012.04.28"]
[EventType "rapid"]
[EventRounds "9"]
[EventCountry "FRA"]

1. e4 e5 2. Nc3 Nf6 3. f4 d5 4. fxe5 Nxe4 5. Nf3 Be7 6. Qe2 Nxc3 7. dxc3 c5 8.
Bf4 Nc6 9. O-O-O Be6 10. h4 h6 11. Qf2 Qa5 12. Kb1 O-O-O 13. g3 d4 14. c4 Qa6
15. Nd2 g5 16. hxg5 hxg5 17. a3 gxf4 18. gxf4 Bf5 19. Bd3 Bxd3 20. cxd3 Qb6 21.
Qg2 1/2-1/2